Statistics for September 1st: Birthdays

Click here to take the quiz!

General Stats

  • This quiz has been taken 4 times
  • The average score is 2 of 8

Answer Stats

YearClueAnswer% Correct
1946Bee Gees SingerBarry Gibb
100%
1653Composed Canon in DJohann Pachelbel
50%
1923World heavyweight champion 1952-56Rocky Marciano
50%
1957Cuban-American singerGloria Estefan
25%
1795Founder of the New York HeraldJames Gordon Bennett
0%
1813Business TycoonMark Hopkins
0%
1950PsychologistPhil McGraw
0%
1886Modernist artistTarsila do Amaral
0%

Score Distribution

Percentile by Number Answered

Percent of People with Each Score

Your Score History

You have not taken this quiz